000 00535nam a2200181Ia 4500
001 9641
005 20260306161733.0
008 260306t2005||||xx |||||||||||||| ||spa||
041 _aESP
082 _a384.0985
_bP66
100 _aComisión Multisectorial para el Desarrollo de la Sociedad de la Información (Perú)
_eAUT
245 0 _aPlan de desarrollo de la sociedad de la información en el Perú:
_bla agenda digital peruana
260 _c2005
300 _a
_c
650 _aGEN
654 _aCAN
942 _cLIB
_dJUS
_fJUS
_2ddc
_n
999 _c9641
_d9641